| 000 | 02535nam a2200517 a 4500 | ||
|---|---|---|---|
| 001 | ebr10170584 | ||
| 003 | CaPaEBR | ||
| 006 | m u | ||
| 007 | cr cn||||||||| | ||
| 008 | 060414s2006 nyua sb 001 0 eng | ||
| 010 | _z 2006012451 | ||
| 020 | _z0814716598 (cloth : alk. paper) | ||
| 020 | _z0814716601 (pbk. : alk. paper) | ||
| 020 | _z9780814716595 (cloth : alk. paper) | ||
| 020 | _z9780814716601 (pbk. : alk. paper) | ||
| 040 |
_aCaPaEBR _cCaPaEBR |
||
| 035 | _a(OCoLC)191935431 | ||
| 043 |
_an-us--- _ae-sp--- |
||
| 050 | 1 | 4 |
_aD810.P85 _bU535 2006eb |
| 082 | 0 | 4 |
_a940.54/8173 _222 |
| 245 | 0 | 4 |
_aThe good fight continues _h[electronic resource] : _bWorld War II letters from the Abraham Lincoln Brigade / _cedited by Peter N. Carroll, Michael Nash, and Melvin Small. |
| 246 | 3 | _aWorld War 2 letters from the Abraham Lincoln Brigade | |
| 246 | 3 | _aWorld War Two letters from the Abraham Lincoln Brigade | |
| 260 |
_aNew York : _bNew York University Press, _cc2006. |
||
| 300 |
_axiii, 290 p. : _bill. |
||
| 500 | _aLetters selected from the Abraham Lincoln Brigade Archives collection at New York University's Tamiment Library. | ||
| 504 | _aIncludes bibliographical references (p. 275-276) and index. | ||
| 505 | 0 | _aBefore Pearl Harbor -- At war with the army -- Problems in red and black -- In the combat theaters -- Premature antifascists and the postwar world. | |
| 533 |
_aElectronic reproduction. _bPalo Alto, Calif. : _cebrary, _d2013. _nAvailable via World Wide Web. _nAccess may be limited to ebrary affiliated libraries. |
||
| 610 | 1 | 0 |
_aSpain. _bEj?ercito Popular de la Rep?ublica. _bAbraham Lincoln Battalion. |
| 650 | 0 |
_aAnti-fascist movements _zUnited States _xHistory _y20th century. |
|
| 650 | 0 |
_aSoldiers _zUnited States _vCorrespondence. |
|
| 650 | 0 |
_aWorld War, 1939-1945 _vPersonal narratives, American. |
|
| 650 | 0 |
_aWorld War, 1939-1945 _xParticipation, African American. |
|
| 650 | 0 |
_aWorld War, 1939-1945 _xPublic opinion. |
|
| 650 | 0 |
_aWorld War, 1939-1945 _zUnited States. |
|
| 651 | 0 |
_aSpain _xHistory _yCivil War, 1936-1939 _xVeterans _vCorrespondence. |
|
| 651 | 0 |
_aUnited States _xForeign relations _y1933-1945. |
|
| 655 | 7 |
_aElectronic books. _2local |
|
| 700 | 1 | _aCarroll, Peter N. | |
| 700 | 1 |
_aNash, Michael, _d1946- |
|
| 700 | 1 | _aSmall, Melvin. | |
| 710 | 2 | _aAbraham Lincoln Brigade Archives. | |
| 710 | 2 | _aebrary, Inc. | |
| 856 | 4 | 0 |
_uhttp://site.ebrary.com/lib/rucke/Doc?id=10170584 _zAn electronic book accessible through the World Wide Web; click to view |
| 999 |
_c138998 _d138998 |
||